|
|
|
|
| LEADER |
00000nam a22000007a 4500 |
| 005 |
20220718214623.0 |
| 007 |
cr|||| |||| |
| 008 |
220718s2019 br |||||s|||| 00||0 por d |
| 020 |
|
|
|a 978-85-93741-52-4
|
| 035 |
|
|
|a 36718
|
| 040 |
|
|
|a vLex
|
| 090 |
|
|
|c 13569
|d 13569
|
| 100 |
1 |
|
|a Rezende de Figueiredo, Herivelton
|
| 245 |
1 |
1 |
|a A influn̊cia dos meios de comunicaȯ̂ exercida sobre o juiz criminal
|h [Recurso electrn̤ico] /
|c Herivelton Rezende de Figueiredo
|
| 256 |
|
|
|a Servicio en ln̕ea
|
| 260 |
|
|
|a Rio de Janeiro:
|b Editora Processo,
|c 2019
|
| 300 |
|
|
|a 1 recurso electrn̤ico
|
| 500 |
|
|
|a A capacidade da md̕ia em transpor as fronteiras do espaȯ e tempo para transmitir informaė̳s que impactam em maior ou menor medida todas as pessoas no seu modo enxergar a realidade dos fenm̥enos, sejam eles de qualquer natureza, desde as trivialidades do dia a dia at ̌complexas formulaė̳s cientf̕icas, aguȯu minha curiosidade para buscar entender como a md̕ia se relaciona com as cin̊cias criminais (direito penal, processo penal e criminologia) no processo da construȯ̂ da verdade pelo juiz, por isso este assunto foi o tema da minha dissertaȯ̂ de mestrado na Faculdade de Direito na Universidade de Lisboa onde procurei abordar a atuaȯ̂ dos meios de comunicaȯ̂ em massa no exercc̕io de uma mediaȯ̂ simbl̤ica das expectativas sociais. Quando retratam os riscos e as incertezas do mundo ps̤-moderno amplificam a sensaȯ̂ do medo social que influn̊cia a opiniô pb︢lica.
|
| 506 |
1 |
|
|a Disponible solo en los productos indicados
|d vLex Global
|d vLex Global (Academic Edition, excluding Law Schools)
|d vLex Global (U.S. Academic Edition, Law Schools)
|d vLex Global (U.S. Academic Edition, excluding Law Schools)
|d vLex Global (Academic Edition, Law Schools)
|
| 650 |
0 |
4 |
|a Derecho Penal
|z Brasil
|
| 650 |
0 |
4 |
|a Procedimiento Penal
|z Brasil
|
| 740 |
0 |
|
|a vLex Libros (Servicio en ln̕ea)
|
| 856 |
4 |
0 |
|u https://app.vlex.com/#/sources/36718
|z Acceso restringido
|
| 942 |
|
|
|c BOOK
|
| 999 |
0 |
|
|a Criminal Law
|
| 999 |
0 |
|
|a Criminal Procedure
|